| 000 | 00427nam a2200181Ia 4500 | ||
|---|---|---|---|
| 008 | 210210b1877 xxu||||| |||| 00| 0 eng d | ||
| 041 | _aeng | ||
| 082 | _a829/241 | ||
| 100 | _aDEFOE (D) | ||
| 245 | _aNovels and miscellaneous works | ||
| 260 |
_aLondon _bGeorge Bell and Sons _c1877 |
||
| 650 | _aworks | ||
| 650 | _aNovels | ||
| 650 | _amiscellaneous | ||
| 650 | _aand | ||
| 690 | _aEnglish Fiction | ||
| 906 | _a016846 | ||
| 999 |
_c136680 _d136680 |
||